Vystavia poľovnícke trofeje grófa Deň múzeí

Bibliographic Details
Main Authors: Lázárová, Eva (Author), Čurma, Miroslav (Author)
Corporate Author: Krásna Hôrka (Krásnohorské Podhradie, Slovensko : hrad) (Author)
Format: Article
Language:Slovak
Subjects:

MARC

LEADER 00000nab a2200000 a 4500
001 vtls001007881
003 SK-MaSNL
005 20260303224820.0
008 040720e19990513xo 0 slo
035 |a RV8481 
040 |a RVGKPD  |b slo  |c RVGKPD  |e AACR2 
041 0 |a slo 
044 |a xo  |c SK 
080 |a 728.8  |2 1981 
100 1 |a Lázárová, Eva  |4 aut  |9 48757 
245 1 0 |a Vystavia poľovnícke trofeje grófa  |b Deň múzeí 
610 2 7 |a Krásna Hôrka (Krásnohorské Podhradie, Slovensko : hrad)  |2 RVGKPD  |9 31335 
611 1 7 |a Deň múzeí  |2 RVGKPD  |9 1260979 
650 0 7 |a kaštiele  |2 RVGKPD  |9 28599 
650 0 7 |a hrady  |2 RVGKPD  |9 3039 
651 7 |a Betliar (Slovensko)  |2 RVGKPD  |9 20285 
655 7 |a periodikum  |2 snkbucl  |9 29553 
700 1 0 |a Čurma, Miroslav  |4 aut  |9 842852 
710 2 |a Krásna Hôrka (Krásnohorské Podhradie, Slovensko : hrad)  |4 aut  |9 31335 
773 0 8 |t Košický denník  |g Roč. 1, č.31, 13.5.1999, s. 10 
852 |a ZVYKNI  |b KIS3GCP 
999 |c 2254074  |d 2256004